[Event "Kreis-Mitte-EM"]
[Site "Zirndorf"]
[Date "2016.01.04"]
[Round "5.10"]
[White "Wieczorek, Heinz"]
[Black "Thürauf, Peter"]
[Result "1/2-1/2"]
[WhiteElo "1630"]
[BlackElo "1800"]
[PlyCount "33"]
[EventDate "2016.??.??"]
[WhiteTeam "SW Nürnberg Süd"]
[BlackTeam "SW Nürnberg Süd"]

1. e4 c5 2. Nf3 e6 3. d4 cxd4 4. Nxd4 Nf6 5. Nc3 Nc6 6. Ndb5 a6 7. Nd6+ Bxd6 8.
Qxd6 Qe7 9. Qxe7+ Nxe7 10. Bf4 b5 11. Bd6 Bb7 12. f3 Nc6 13. Bd3 Na5 14. b3 Rc8
15. Ne2 Ba8 16. a4 Nb7 17. Be5 1/2-1/2

[Event "Kreis-Mitte-EM"]
[Site "Zirndorf"]
[Date "2016.01.04"]
[Round "5.11"]
[White "Junk, Philipp"]
[Black "Hauck, Martin"]
[Result "1-0"]
[WhiteElo "1747"]
[BlackElo "1053"]
[PlyCount "77"]
[EventDate "2016.??.??"]
[WhiteTeam "SC JÄKLECHEMIE"]
[BlackTeam "SC N-T Nürnberg"]

1. e4 e6 2. d4 d5 3. Nd2 Bd7 4. Bd3 c5 5. c3 Qb6 6. Ngf3 Nc6 7. exd5 exd5 8.
dxc5 Bxc5 9. O-O O-O-O 10. Nb3 Bd6 11. Be3 Qc7 12. h3 Kb8 13. Nbd4 Nxd4 14.
Nxd4 Ne7 15. a4 Bf4 16. Qd2 Bxe3 17. Qxe3 Nc8 18. Bb5 Rhe8 19. Qf3 Re5 20. Qxf7
Be8 21. Qxc7+ Kxc7 22. Rfe1 Rxe1+ 23. Rxe1 Bxb5 24. Nxb5+ Kb6 25. b4 a6 26.
Re6+ Rd6 27. Nxd6 Nxd6 28. Rxd6+ Ka7 29. Rxd5 Kb6 30. Kf1 g5 31. c4 h5 32. Rxg5
h4 33. Ke2 Kc6 34. Rd5 Kb6 35. f4 Kc6 36. f5 Kb6 37. f6 Kc6 38. f7 Kb6 39. f8=Q
1-0

[Event "Kreis-Mitte-EM"]
[Site "Zirndorf"]
[Date "2016.01.04"]
[Round "5.12"]
[White "Albayrak, Aylin"]
[Black "Leuschner, Günter"]
[Result "1-0"]
[WhiteElo "1646"]
[BlackElo "1746"]
[PlyCount "85"]
[EventDate "2016.??.??"]
[WhiteTeam "Zabo-Eintracht N."]
[BlackTeam "SW Nürnberg Süd"]

1. d4 Nf6 2. c4 e6 3. Nc3 d5 4. Bg5 Be7 5. e3 O-O 6. Nf3 Nbd7 7. c5 c6 8. Bd3
Qc7 9. Bf4 Qd8 10. h4 h6 11. Bc2 Nh5 12. Qd3 f5 13. Bh2 Nhf6 14. O-O-O b6 15.
b4 a5 16. b5 bxc5 17. bxc6 Nb6 18. dxc5 Bxc5 19. Qb5 Ba3+ 20. Kb1 Ba6 21. c7
Qe7 22. Qxb6 Bc5 23. Qc6 Ba3 24. Ne5 Qb4+ 25. Bb3 Rfe8 26. Nd3 Qe7 27. Nb5 Bb4
28. Nxb4 Qxb4 29. Nd6 Rf8 30. Rd4 Bc4 31. Nxc4 dxc4 32. Qxe6+ Kh8 33. Bd6 Qb6
34. Rxc4 Rfe8 35. Qxf5 Qxd6 36. c8=Q Raxc8 37. Rxc8 a4 38. Rxe8+ Nxe8 39. Bc2
Qb4+ 40. Kc1 Kg8 41. Qe6+ Kf8 42. Qf5+ Kg8 43. Rd1 1-0

[Event "Kreis-Mitte-EM"]
[Site "Zirndorf"]
[Date "2016.01.04"]
[Round "5.13"]
[White "Hahn, Thomas"]
[Black "Hestermann, Hans-Ludwig"]
[Result "1/2-1/2"]
[WhiteElo "1637"]
[BlackElo "1714"]
[PlyCount "36"]
[EventDate "2016.??.??"]
[WhiteTeam "Zabo-Eintracht N."]
[BlackTeam "Zabo-Eintracht N."]

1. e4 e6 2. d4 d5 3. exd5 exd5 4. Bd3 Nf6 5. Bg5 Be7 6. Nf3 Bg4 7. Nbd2 Nc6 8.
c3 Qd7 9. Bb5 Qe6+ 10. Qe2 Qxe2+ 11. Kxe2 O-O 12. Bxc6 bxc6 13. Rhe1 h6 14. Kf1
Bd8 15. Bh4 Bxf3 16. Nxf3 Nd7 17. Bxd8 Raxd8 18. Ne5 Nxe5 1/2-1/2

[Event "Kreis-Mitte-EM"]
[Site "Zirndorf"]
[Date "2016.01.04"]
[Round "5.15"]
[White "Münzenberg, Dietrich"]
[Black "Kocak, Ediz"]
[Result "1-0"]
[WhiteElo "1627"]
[BlackElo "1567"]
[PlyCount "63"]
[EventDate "2016.??.??"]
[WhiteTeam "Zabo-Eintracht N."]
[BlackTeam "SW Nürnberg Süd"]

1. d4 Nf6 2. Bg5 Ne4 3. Bf4 d5 4. f3 Nf6 5. e3 c5 6. Bb5+ Bd7 7. Nc3 Bxb5 8.
Nxb5 Qa5+ 9. Nc3 Qb4 10. Nge2 Nc6 11. O-O e6 12. b3 Nh5 13. a3 Qa5 14. Bg5 h6
15. Bh4 g5 16. Be1 Qd8 17. Bf2 cxd4 18. Nxd4 Nxd4 19. exd4 Rc8 20. Ne2 Bd6 21.
g3 Qc7 22. c3 Ng7 23. Qd3 h5 24. Rfc1 h4 25. Kg2 hxg3 26. hxg3 Nf5 27. c4 f6
28. cxd5 Qxc1 29. Rxc1 Rd8 30. dxe6 Ke7 31. Qxf5 Rh6 32. Rh1 1-0

[Event "Kreis-Mitte-EM"]
[Site "Zirndorf"]
[Date "2016.01.04"]
[Round "5.16"]
[White "Lingl, Peter"]
[Black "Weißmann, Peter"]
[Result "0-1"]
[WhiteElo "1449"]
[BlackElo "1687"]
[PlyCount "64"]
[EventDate "2016.??.??"]
[WhiteTeam "SC JÄKLECHEMIE"]
[BlackTeam "SK Zirndorf"]

1. e4 c5 2. Nc3 Nc6 3. Bb5 g6 4. Bxc6 bxc6 5. d3 Bg7 6. f4 d5 7. e5 d4 8. Nce2
h5 9. Nf3 Nh6 10. O-O Nf5 11. Qe1 e6 12. Ng3 Nxg3 13. Qxg3 Bh6 14. Ng5 Bxg5 15.
fxg5 Qd5 16. Qf4 O-O 17. Rf3 c4 18. g4 h4 19. Rh3 c5 20. dxc4 Qd8 21. Rxh4 d3
22. cxd3 Qd4+ 23. Qe3 Rd8 24. Rh3 Qxg4+ 25. Rg3 Qd1+ 26. Kf2 Bb7 27. Qd2 Qh1
28. Ke3 Rd4 29. b3 Rad8 30. Ba3 Qxa1 31. Kf2 Rh4 32. Ke3 Qxe5+ 0-1

[Event "Kreis-Mitte-EM"]
[Site "Zirndorf"]
[Date "2016.01.04"]
[Round "5.17"]
[White "Berg, Winfried"]
[Black "Albayrak, Nese Pinar"]
[Result "1-0"]
[WhiteElo "1631"]
[BlackElo "902"]
[PlyCount "47"]
[EventDate "2016.??.??"]
[WhiteTeam "SW Nürnberg Süd"]
[BlackTeam "Zabo-Eintracht N."]

1. d4 d5 2. e4 dxe4 3. Nc3 Nf6 4. f3 exf3 5. Nxf3 Bf5 6. Bc4 e6 7. Bg5 Be7 8.
Qd2 h6 9. Bh4 O-O 10. O-O-O Nc6 11. h3 Qd6 12. g4 Na5 13. Be2 Bg6 14. g5 Nd5
15. gxh6 gxh6 16. Bxe7 Nxe7 17. Qxh6 Nf5 18. Qg5 f6 19. Qxg6+ Kh8 20. Qh5+ Kg8
21. Rhg1+ Ng7 22. Rxg7+ Kxg7 23. Rg1+ Qg3 24. Rxg3# 1-0

[Event "Kreis-Mitte-EM"]
[Site "Zirndorf"]
[Date "2016.01.04"]
[Round "5.18"]
[White "Albayrak, Atilla"]
[Black "Walch, Roger"]
[Result "0-1"]
[WhiteElo "1387"]
[BlackElo "1617"]
[PlyCount "64"]
[EventDate "2016.??.??"]
[WhiteTeam "Zabo-Eintracht N."]
[BlackTeam "SW Nürnberg Süd"]

1. e4 e6 2. d4 d5 3. Nd2 a6 4. Ngf3 Nf6 5. e5 Nfd7 6. Bd3 c5 7. c3 Nc6 8. O-O
Be7 9. Re1 b5 10. Nf1 cxd4 11. cxd4 Qb6 12. Be3 Bb4 13. Re2 Be7 14. Ng3 g6 15.
Rc1 Bb7 16. Bb1 Rc8 17. Rd2 O-O 18. h4 Rfe8 19. h5 Nf8 20. hxg6 fxg6 21. Ng5
Na5 22. Rxc8 Rxc8 23. Rc2 Qd8 24. Qg4 Rxc2 25. Bxc2 Qc8 26. Qd1 Nc4 27. Bc1
Nxb2 28. Qd2 Bxg5 29. Qxg5 Qxc2 30. Qh6 Nd3 31. Nh1 Qxc1+ 32. Qxc1 Nxc1 0-1

[Event "Kreis-Mitte-EM"]
[Site "Zirndorf"]
[Date "2016.01.06"]
[Round "6.1"]
[White "Wawor, Gerhard"]
[Black "Süß, Stefan"]
[Result "0-1"]
[WhiteElo "1893"]
[BlackElo "2002"]
[PlyCount "34"]
[EventDate "2016.??.??"]
[WhiteTeam "SK Nürnberg 1911"]
[BlackTeam "SC N-T Nürnberg"]

1. d4 Nf6 2. c4 g6 3. f3 d5 4. cxd5 Nxd5 5. e4 Nb6 6. Nc3 Bg7 7. Be3 O-O 8. Qd2
f5 9. e5 Nc6 10. O-O-O Nb4 11. Kb1 a5 12. h4 Qe8 13. Nh3 Be6 14. Bb5 Bxa2+ 15.
Ka1 c6 16. Nxa2 cxb5 17. Nf4 Nc4 0-1

[Event "Kreis-Mitte-EM"]
[Site "Zirndorf"]
[Date "2016.01.06"]
[Round "6.2"]
[White "Mantel, Ruben"]
[Black "Hannweber, Markus"]
[Result "1-0"]
[WhiteElo "1901"]
[BlackElo "1838"]
[PlyCount "143"]
[EventDate "2016.??.??"]
[WhiteTeam "Zabo-Eintracht N."]
[BlackTeam "SK Nürnberg 1911"]

1. e4 e5 2. Bc4 Nc6 3. Nc3 Bc5 4. Qg4 g6 5. Qd1 Nf6 6. d3 O-O 7. Nge2 Na5 8.
Bb3 Nxb3 9. axb3 Kg7 10. O-O h6 11. Na4 Be7 12. f4 exf4 13. Nxf4 d6 14. Nc3 c6
15. Qd2 Ng8 16. Qf2 a6 17. Be3 Bf6 18. Qg3 Kh7 19. d4 Qe7 20. Nd3 Be6 21. e5
dxe5 22. dxe5 Bg7 23. Bc5 Qd7 24. Bxf8 Rxf8 25. Rad1 Qc7 26. Ne4 Qe7 27. Rde1
b6 28. Qf2 c5 29. Nf6+ Kh8 30. Nf4 Bc8 31. N4d5 Qe6 32. Nxg8 Kxg8 33. Nf6+ Kh8
34. Qd2 b5 35. Qd6 c4 36. Qxe6 Bxe6 37. b4 Ra8 38. Rd1 Bf8 39. c3 Kg7 40. Nd7
Be7 41. Nc5 Bf5 42. Ra1 a5 43. Nb7 a4 44. Nd6 Bxd6 45. exd6 Rd8 46. Rad1 Bd3
47. Rfe1 Kf6 48. Rd2 Rxd6 49. g4 Rd5 50. Rf2+ Kg5 51. Rxf7 Kxg4 52. Rfe7 Kf5
53. Rf7+ Kg4 54. Kg2 h5 55. Re3 h4 56. h3+ Kg5 57. Rfe7 Kf6 58. Kf3 Rf5+ 59.
Kg4 Rg5+ 60. Kxh4 Rg2 61. R3e6+ Kf5 62. Rb6 Rxb2 63. Rxb5+ Kf6 64. Ra7 Bf5 65.
Rxa4 g5+ 66. Kg3 Rb3 67. Ra6+ Be6 68. Rbb6 Rxc3+ 69. Kf2 Rxh3 70. Rxe6+ Kf5 71.
Rec6 c3 72. Ra3 1-0

[Event "Kreis-Mitte-EM"]
[Site "Zirndorf"]
[Date "2016.01.06"]
[Round "6.3"]
[White "Effenberg, Michael"]
[Black "Fuchs, Gerhard"]
[Result "0-1"]
[WhiteElo "1673"]
[BlackElo "2052"]
[PlyCount "38"]
[EventDate "2016.??.??"]
[WhiteTeam "SC JÄKLECHEMIE"]
[BlackTeam "SK Nürnberg 1911"]

1. d4 Nf6 2. c4 g6 3. Nc3 Bg7 4. Nf3 O-O 5. Bf4 c5 6. Nb5 Na6 7. dxc5 Ne4 8.
Nd2 Nexc5 9. Rb1 d5 10. b4 Ne6 11. Bg3 dxc4 12. Nxc4 Bd7 13. Nba3 Bc3+ 14. Nd2
Ba4 15. Qc1 Rc8 16. e3 Bxb4 17. Qb2 Rc2 18. Qxb4 Nxb4 19. Nxc2 Nxc2+ 0-1

[Event "Kreis-Mitte-EM"]
[Site "Zirndorf"]
[Date "2016.01.06"]
[Round "6.4"]
[White "Erlbeck, Peter"]
[Black "Herbst, Thomas"]
[Result "1/2-1/2"]
[WhiteElo "2018"]
[BlackElo "1846"]
[PlyCount "46"]
[EventDate "2016.??.??"]
[WhiteTeam "SW Nürnberg Süd"]
[BlackTeam "SK Nürnberg 1911"]

1. e4 e5 2. Nf3 Nf6 3. Nxe5 d6 4. Nxf7 Kxf7 5. d4 c5 6. dxc5 Nc6 7. Nc3 Be6 8.
f4 dxc5 9. Qxd8 Rxd8 10. f5 Bc8 11. Bc4+ Ke8 12. O-O Bd6 13. Be3 Ne5 14. Bb5+
Kf7 15. h3 b6 16. Rae1 Bb7 17. Bg5 a6 18. Be2 Rd7 19. a4 Re8 20. Bf4 Nc6 21.
Bc4+ Kf8 22. Be6 Bxf4 23. Bxd7 Nxd7 1/2-1/2

[Event "Kreis-Mitte-EM"]
[Site "Zirndorf"]
[Date "2016.01.06"]
[Round "6.5"]
[White "Meulner, Fabian"]
[Black "Leis, Stefan"]
[Result "1/2-1/2"]
[WhiteElo "1765"]
[BlackElo "1878"]
[PlyCount "48"]
[EventDate "2016.??.??"]
[WhiteTeam "SW Nürnberg Süd"]
[BlackTeam "SC Mühlh.-Reichelsd."]

1. e4 e6 2. d4 d5 3. Nd2 h6 4. Ngf3 Nf6 5. Bd3 dxe4 6. Nxe4 Nxe4 7. Bxe4 c5 8.
c3 cxd4 9. cxd4 Bb4+ 10. Bd2 Bxd2+ 11. Qxd2 O-O 12. O-O Nd7 13. Rac1 Nf6 14.
Bb1 b6 15. Ne5 Bb7 16. Rc3 Qd5 17. Rg3 Kh8 18. Rg6 Ng8 19. Qd3 f5 20. Qg3 Nf6
21. Qh4 Kh7 22. Qg3 Kh8 23. Qh4 Kh7 24. Qg3 Kh8 1/2-1/2

[Event "Kreis-Mitte-EM"]
[Site "Zirndorf"]
[Date "2016.01.06"]
[Round "6.6"]
[White "Adelhütte, Dennis"]
[Black "Albayrak, Aylin"]
[Result "1-0"]
[WhiteElo "1924"]
[BlackElo "1646"]
[PlyCount "95"]
[EventDate "2016.??.??"]
[WhiteTeam "SC JÄKLECHEMIE"]
[BlackTeam "Zabo-Eintracht N."]

1. e4 d5 2. exd5 Qxd5 3. Nc3 Qa5 4. d4 e5 5. Qe2 Nc6 6. d5 Nb4 7. Qxe5+ Ne7 8.
Bd3 Nbxd5 9. Bd2 c6 10. Nb5 f6 11. Nd6+ Kd7 12. Bxa5 fxe5 13. Nf7 Rg8 14. Bxh7
Ke6 15. Ng5+ Kf6 16. Ne4+ Ke6 17. Bxg8+ Nxg8 18. O-O-O Ngf6 19. Nxf6 gxf6 20.
Ne2 Bc5 21. c4 Ne7 22. Rhf1 b6 23. Bc3 a5 24. f4 e4 25. Nd4+ Kf7 26. Nb3 Bb4
27. Rde1 f5 28. Re3 Ba6 29. Bxb4 axb4 30. Nd2 c5 31. g4 Bb7 32. Kb1 Rd8 33. Rf2
Rd4 34. h3 Kf6 35. b3 b5 36. Rfe2 bxc4 37. bxc4 Ng6 38. Nb3 Rxc4 39. Na5 Nxf4
40. Nxc4 Nxe2 41. Rxe2 Ba6 42. Rf2 Bxc4 43. Rxf5+ Kg6 44. Rxc5 Bd3+ 45. Kc1 e3
46. Re5 e2 47. Kd2 e1=Q+ 48. Kxe1 1-0

[Event "Kreis-Mitte-EM"]
[Site "Zirndorf"]
[Date "2016.01.06"]
[Round "6.7"]
[White "Diebel, Günter"]
[Black "Rummel, Gerald"]
[Result "0-1"]
[WhiteElo "1700"]
[BlackElo "1732"]
[PlyCount "62"]
[EventDate "2016.??.??"]
[WhiteTeam "SW Nürnberg Süd"]
[BlackTeam "SG Nürnberg 1978"]

1. e4 e6 2. Nc3 d5 3. exd5 exd5 4. d4 Nf6 5. Bd3 c6 6. Nf3 Bg4 7. h3 Bh5 8. Bg5
Nbd7 9. g4 Bg6 10. Ne5 Bxd3 11. Qxd3 Be7 12. O-O-O Nxe5 13. dxe5 Nd7 14. Bxe7
Qxe7 15. f4 O-O-O 16. Rde1 h5 17. Kb1 Kb8 18. g5 g6 19. h4 Rhe8 20. a4 Qb4 21.
Qg3 Ka8 22. b3 Nc5 23. Na2 Qb6 24. Kc1 d4 25. Rh3 d3 26. Rd1 dxc2 27. Rd6 Ne4
28. Rxd8+ Rxd8 29. Qe3 Nc5 30. Qc3 Nxa4 31. Qxc2 Qg1+ 0-1

[Event "Kreis-Mitte-EM"]
[Site "Zirndorf"]
[Date "2016.01.06"]
[Round "6.8"]
[White "Thürauf, Peter"]
[Black "Nüßlein, Christian"]
[Result "1-0"]
[WhiteElo "1800"]
[BlackElo "1649"]
[PlyCount "75"]
[EventDate "2016.??.??"]
[WhiteTeam "SW Nürnberg Süd"]
[BlackTeam "SG Nürnberg 1978"]

1. d4 Nf6 2. Nf3 g6 3. g3 c6 4. c4 d5 5. Bg2 Bg7 6. O-O O-O 7. Nc3 Ne4 8. cxd5
Nxc3 9. bxc3 cxd5 10. Qb3 Nc6 11. Ba3 Re8 12. Nd2 e6 13. e3 Na5 14. Qb4 Bd7 15.
Rfc1 Rc8 16. Bf1 b5 17. Nb3 Nc6 18. Qxb5 Nxd4 19. Qd3 Bb5 20. Qd1 Bxf1 21. cxd4
Bc4 22. Bc5 a5 23. a4 Bxb3 24. Qxb3 Rb8 25. Qc3 e5 26. Rab1 Rc8 27. Qd2 Qd7 28.
Rb5 exd4 29. Bxd4 Rxc1+ 30. Qxc1 Bxd4 31. exd4 Rc8 32. Qg5 Qh3 33. Rxd5 f6 34.
Qe3 Rb8 35. Rb5 Rxb5 36. Qe8+ Kg7 37. Qxb5 Qe6 38. Qxa5 1-0

[Event "Kreis-Mitte-EM"]
[Site "Zirndorf"]
[Date "2016.01.06"]
[Round "6.9"]
[White "Drees, Martin"]
[Black "Wieczorek, Heinz"]
[Result "1/2-1/2"]
[WhiteElo "1875"]
[BlackElo "1630"]
[PlyCount "93"]
[EventDate "2016.??.??"]
[WhiteTeam "TSV Cadolzburg"]
[BlackTeam "SW Nürnberg Süd"]

1. e4 e5 2. Nf3 Nc6 3. Nc3 Nf6 4. a3 d5 5. Bb5 Nxe4 6. Qe2 Bg4 7. Nxe4 Bxf3 8.
Qxf3 dxe4 9. Qxe4 Qd6 10. d4 O-O-O 11. Bxc6 bxc6 12. Qxe5 Qxd4 13. Qxd4 Rxd4
14. Be3 Rd5 15. c4 Re5 16. O-O-O Bc5 17. Bxc5 Rxc5 18. b3 Re8 19. Rhe1 Ree5 20.
Rxe5 Rxe5 21. Rd2 a5 22. Kc2 c5 23. Kd3 Kd7 24. f4 Re6 25. Kc3+ Kc6 26. Kd3 Kd7
27. Re2 Rxe2 28. Kxe2 f5 29. Kd3 Kd6 30. Kc3 Kc6 31. Kd3 Kd6 32. h3 Kd7 33. g4
Ke6 34. Kc3 fxg4 35. hxg4 h5 36. gxh5 Kf5 37. b4 cxb4+ 38. axb4 axb4+ 39. Kxb4
Kxf4 40. Kc5 Kg5 41. Kc6 Kxh5 42. Kxc7 g5 43. Kb7 g4 44. c5 g3 45. c6 g2 46. c7
g1=Q 47. c8=Q 1/2-1/2

[Event "Kreis-Mitte-EM"]
[Site "Zirndorf"]
[Date "2016.01.06"]
[Round "6.10"]
[White "Wirth, Karl-Heinz"]
[Black "Münzenberg, Dietrich"]
[Result "0-1"]
[WhiteElo "1758"]
[BlackElo "1627"]
[PlyCount "52"]
[EventDate "2016.??.??"]
[WhiteTeam "SC Mühlh.-Reichelsd."]
[BlackTeam "Zabo-Eintracht N."]

1. e4 c6 2. d4 d5 3. Nc3 dxe4 4. f3 exf3 5. Nxf3 Bf5 6. Bc4 e6 7. O-O Nd7 8.
Ng5 Nh6 9. Qe1 Be7 10. Nge4 Nb6 11. Bxh6 gxh6 12. Bb3 Qxd4+ 13. Kh1 O-O-O 14.
Ng3 Bg6 15. Rd1 Qg7 16. Nce2 Rxd1 17. Qxd1 Rd8 18. Qe1 Bd6 19. Qa5 Kb8 20. c3
Bc7 21. Qc5 Qe5 22. Qe7 Nc8 23. Qh4 Qg5 24. Qb4 Bd6 25. Qc4 Nb6 26. Ne4 Qe5 0-1

[Event "Kreis-Mitte-EM"]
[Site "Zirndorf"]
[Date "2016.01.06"]
[Round "6.11"]
[White "Hauck, Martin"]
[Black "Faralisz, Patrick"]
[Result "0-1"]
[WhiteElo "1053"]
[BlackElo "1803"]
[PlyCount "76"]
[EventDate "2016.??.??"]
[WhiteTeam "SC N-T Nürnberg"]
[BlackTeam "SC N-T Nürnberg"]

1. e4 c5 2. c3 d5 3. e5 Bf5 4. Bb5+ Nc6 5. d3 e6 6. Nf3 Nge7 7. O-O Qb6 8. Na3
a6 9. Ba4 Bg6 10. Nc2 Qc7 11. Re1 b5 12. Bb3 c4 13. dxc4 dxc4 14. Qd6 Nd5 15.
Qxc7 Nxc7 16. Nfd4 Nxd4 17. Nxd4 cxb3 18. axb3 O-O-O 19. Nc6 Rd7 20. Be3 Be4
21. Na7+ Kb7 22. Red1 Bc6 23. b4 Be7 24. Rxd7 Bxd7 25. Rd1 Bc6 26. Bc5 Bxc5 27.
bxc5 Kxa7 28. f4 Nd5 29. g3 Kb7 30. h4 Kc7 31. Kh2 Rd8 32. Ra1 Bb7 33. c4 bxc4
34. Ra5 h5 35. Ra3 c3 36. b4 Ne3 37. Rxc3 Ng4+ 38. Kg1 Rd1# 0-1

[Event "Kreis-Mitte-EM"]
[Site "Zirndorf"]
[Date "2016.01.06"]
[Round "6.12"]
[White "Hestermann, Hans-Ludwig"]
[Black "Mantel, Hubert"]
[Result "0-1"]
[WhiteElo "1714"]
[BlackElo "1636"]
[PlyCount "66"]
[EventDate "2016.??.??"]
[WhiteTeam "Zabo-Eintracht N."]
[BlackTeam "Zabo-Eintracht N."]

1. d4 d5 2. c4 e6 3. Nc3 f5 4. cxd5 exd5 5. Nf3 Nf6 6. Bg5 c6 7. a3 Bd6 8. e3
O-O 9. Bd3 Qe8 10. Ne2 Ne4 11. Bf4 Be7 12. h4 Nd7 13. Ng3 Nxg3 14. Bxg3 Nf6 15.
Qc2 Ne4 16. Bf4 Qg6 17. Rh2 Bd6 18. Ne5 Qe6 19. O-O-O Nf6 20. f3 Nh5 21. g3
Bxe5 22. Bxe5 Nf6 23. Rg1 Nd7 24. Bf4 Nf6 25. Rhg2 Bd7 26. g4 fxg4 27. Bxh7+
Nxh7 28. Rxg4 Rf7 29. Qg2 Qe7 30. Bd6 Qxe3+ 31. Kb1 Bxg4 32. Qxg4 Qxf3 33. Qe6
Qf5+ 0-1

[Event "Kreis-Mitte-EM"]
[Site "Zirndorf"]
[Date "2016.01.06"]
[Round "6.13"]
[White "Babichev, Vyacheslav"]
[Black "Hahn, Thomas"]
[Result "1-0"]
[WhiteElo "1712"]
[BlackElo "1637"]
[PlyCount "49"]
[EventDate "2016.??.??"]
[WhiteTeam "SW Nürnberg Süd"]
[BlackTeam "Zabo-Eintracht N."]

1. e4 c5 2. Nf3 d6 3. d4 cxd4 4. Nxd4 Nf6 5. Nc3 g6 6. Bb5+ Bd7 7. Bxd7+ Qxd7
8. O-O Bg7 9. Re1 O-O 10. Be3 Nc6 11. f3 Ne5 12. b3 a6 13. Na4 Qc7 14. c4 Nfd7
15. Rc1 Rfc8 16. Re2 Qd8 17. Rec2 Nc5 18. Nb2 Nc6 19. Nxc6 Rxc6 20. b4 Ne6 21.
a4 Bxb2 22. Rxb2 Rac8 23. Rbc2 Qc7 24. a5 Rxc4 25. Rxc4 1-0

[Event "Kreis-Mitte-EM"]
[Site "Zirndorf"]
[Date "2016.01.06"]
[Round "6.14"]
[White "Weißmann, Peter"]
[Black "Berg, Winfried"]
[Result "1/2-1/2"]
[WhiteElo "1687"]
[BlackElo "1631"]
[PlyCount "91"]
[EventDate "2016.??.??"]
[WhiteTeam "SK Zirndorf"]
[BlackTeam "SW Nürnberg Süd"]

1. e4 e5 2. d4 Nc6 3. d5 Nce7 4. c4 g6 5. Nc3 d6 6. Bd3 Bg7 7. Be3 Nf6 8. f3
O-O 9. Qd2 Nh5 10. g4 Nf4 11. Bxf4 exf4 12. Nge2 g5 13. h4 h6 14. hxg5 hxg5 15.
Rh5 Ng6 16. O-O-O Bd7 17. Rdh1 Ne5 18. Ng1 Qe7 19. Bc2 f6 20. b3 Kf7 21. Nce2
Rh8 22. Nd4 Rxh5 23. Rxh5 Rh8 24. Rxh8 Bxh8 25. Qa5 c5 26. Nf5 Bxf5 27. gxf5 b6
28. Qc3 Bg7 29. Nh3 g4 30. fxg4 Nxg4 31. Qf3 Ne5 32. Qxf4 Qf8 33. Qh4 Bh6+ 34.
Kb2 Qg7 35. Nf4 Bxf4 36. Qxf4 Qg5 37. Qxg5 fxg5 38. Kc1 g4 39. Kd1 Kf6 40. Ke1
Kg5 41. Kf2 Kf4 42. f6 Kg5 43. Kg3 Kxf6 44. Bd1 Kg5 45. Be2 a6 46. a4 1/2-1/2

[Event "Kreis-Mitte-EM"]
[Site "Zirndorf"]
[Date "2016.01.06"]
[Round "6.15"]
[White "Walch, Roger"]
[Black "Kocak, Ediz"]
[Result "0-1"]
[WhiteElo "1617"]
[BlackElo "1567"]
[PlyCount "68"]
[EventDate "2016.??.??"]
[WhiteTeam "SW Nürnberg Süd"]
[BlackTeam "SW Nürnberg Süd"]

1. e4 d5 2. exd5 Nf6 3. c4 c6 4. Nc3 cxd5 5. d4 Nc6 6. cxd5 Nxd5 7. Bc4 Nb6 8.
Bb5 e6 9. Nf3 Bb4 10. O-O O-O 11. a3 Be7 12. Bd3 Bf6 13. Be3 Nd5 14. Ne4 Be7
15. Bc1 b6 16. Ng3 Bb7 17. b4 Rc8 18. Bb2 a5 19. b5 Nb8 20. Qd2 Qd6 21. Ne5 Nf6
22. Rac1 Nbd7 23. Qe2 Rfd8 24. f4 Bd5 25. f5 Bf8 26. fxe6 Bxe6 27. Ne4 Nxe4 28.
Rxc8 Rxc8 29. Bxe4 Nxe5 30. dxe5 Qc5+ 31. Kh1 Bc4 32. Bxh7+ Kxh7 33. Qh5+ Kg8
34. Rf3 Be6 0-1

[Event "Kreis-Mitte-EM"]
[Site "Zirndorf"]
[Date "2016.01.06"]
[Round "6.16"]
[White "Müller, Ludwig"]
[Black "Albayrak, Atilla"]
[Result "1-0"]
[WhiteElo "1679"]
[BlackElo "1387"]
[PlyCount "99"]
[EventDate "2016.??.??"]
[WhiteTeam "SG Nürnberg 1978"]
[BlackTeam "Zabo-Eintracht N."]

1. Nf3 Nf6 2. b3 d6 3. d4 Bg4 4. Bb2 e6 5. Nbd2 Be7 6. h3 Bh5 7. e3 Nbd7 8. Bd3
Nd5 9. a3 e5 10. c4 N5f6 11. Qc2 Bxf3 12. Nxf3 exd4 13. exd4 h6 14. O-O O-O 15.
Rfe1 Re8 16. Re2 d5 17. c5 c6 18. b4 Qc7 19. Rae1 Nf8 20. Bc1 Ne6 21. g3 Nh5
22. Kg2 Bf6 23. Bf5 Re7 24. Bxe6 fxe6 25. Rxe6 Rae8 26. Rxe7 Bxe7 27. Qg6 Nf6
28. Bxh6 Bf8 29. Rxe8 Nxe8 30. Qe6+ Qf7 31. Qxf7+ Kxf7 32. Ne5+ Ke6 33. Bg5 Nf6
34. Ng6 Kf7 35. Nxf8 Kxf8 36. Bxf6 gxf6 37. Kf3 b6 38. Kf4 Kg7 39. h4 Kf7 40.
Kf5 Kg7 41. g4 Kf7 42. f4 Kg7 43. h5 a5 44. g5 axb4 45. axb4 bxc5 46. bxc5 Kf7
47. h6 fxg5 48. fxg5 Kg8 49. g6 Kf8 50. Ke6 1-0

[Event "Kreis-Mitte-EM"]
[Site "Zirndorf"]
[Date "2016.01.06"]
[Round "6.17"]
[White "Albayrak, Nese Pinar"]
[Black "Lingl, Peter"]
[Result "0-1"]
[WhiteElo "902"]
[BlackElo "1449"]
[PlyCount "68"]
[EventDate "2016.??.??"]
[WhiteTeam "Zabo-Eintracht N."]
[BlackTeam "SC JÄKLECHEMIE"]

1. e4 e5 2. Nf3 Nc6 3. Bb5 Nf6 4. Nc3 Bc5 5. d3 a6 6. Bc4 d6 7. Bg5 Be6 8. Bd5
Bxd5 9. Nxd5 h6 10. Be3 Nxd5 11. exd5 Ne7 12. Bxc5 dxc5 13. c4 O-O 14. O-O Ng6
15. Qe2 Re8 16. Qe3 Qd6 17. b3 Nf4 18. Nh4 Qf6 19. g3 b6 20. Nf3 Qg6 21. Nxe5
Nh3+ 22. Kh1 Qf5 23. f4 f6 24. g4 Qh7 25. Qxh3 fxe5 26. fxe5 Rxe5 27. Qf3 Qg6
28. d6 Rc8 29. Qb7 Qe8 30. dxc7 Re7 31. Qxb6 Rcxc7 32. Qxa6 Re2 33. Qd6 Qa8+
34. Kg1 Qg2# 0-1

[Event "Kreis-Mitte-EM"]
[Site "Zirndorf"]
[Date "2016.01.06"]
[Round "7.1"]
[White "Süß, Stefan"]
[Black "Fuchs, Gerhard"]
[Result "0-1"]
[WhiteElo "2002"]
[BlackElo "2052"]
[PlyCount "90"]
[EventDate "2016.??.??"]
[WhiteTeam "SC N-T Nürnberg"]
[BlackTeam "SK Nürnberg 1911"]

1. Nf3 d5 2. d4 Nf6 3. Bf4 c5 4. e3 Qb6 5. Qc1 Nc6 6. c3 Bf5 7. Nh4 Be4 8. Nd2
e6 9. f3 Bg6 10. Nxg6 hxg6 11. dxc5 Bxc5 12. Nb3 Be7 13. Bg3 e5 14. Qd2 a5 15.
O-O-O a4 16. Na1 O-O 17. Nc2 Bc5 18. Bd3 Rfd8 19. Bh4 Na5 20. Qf2 Qc6 21. Kb1
b5 22. Nb4 Qb6 23. Qg3 Bxb4 24. cxb4 Nc6 25. Bxf6 gxf6 26. Bxg6 Kf8 27. Bf5
Qxe3 28. Qh4 Qg5 29. Qxg5 fxg5 30. h4 gxh4 31. Rxh4 Nd4 32. Bd3 Ke7 33. Rh7 Ke6
34. Rdh1 Rg8 35. R1h6+ f6 36. g4 e4 37. fxe4 dxe4 38. Bf1 Rg5 39. Rb7 Re8 40.
Rb6+ Ke5 41. Bxb5 Rxg4 42. Rh1 Reg8 43. a3 Rg1+ 44. Rxg1 Rxg1+ 45. Ka2 e3 0-1

[Event "Kreis-Mitte-EM"]
[Site "Zirndorf"]
[Date "2016.01.06"]
[Round "7.2"]
[White "Leis, Stefan"]
[Black "Mantel, Ruben"]
[Result "1-0"]
[WhiteElo "1878"]
[BlackElo "1901"]
[PlyCount "159"]
[EventDate "2016.??.??"]
[WhiteTeam "SC Mühlh.-Reichelsd."]
[BlackTeam "Zabo-Eintracht N."]

1. e4 c5 2. Nf3 Nc6 3. d4 cxd4 4. Nxd4 Nf6 5. Nc3 e5 6. Ndb5 d6 7. Bg5 a6 8.
Na3 b5 9. Nd5 Be7 10. Bxf6 Bxf6 11. c4 Bg5 12. cxb5 Qa5+ 13. Nc3 Nd4 14. Bd3
Rb8 15. O-O axb5 16. Qh5 Bh6 17. Nd5 O-O 18. Rfd1 Be6 19. Nc2 Bxd5 20. Nxd4
Bxe4 21. Bxe4 exd4 22. Rxd4 Rfe8 23. g3 Qb6 24. Rad1 Qc5 25. Bd5 Qc7 26. Bb3
Re5 27. Qf3 Rbe8 28. Rxd6 R5e7 29. h4 g6 30. h5 Bg7 31. hxg6 hxg6 32. Rxg6 Re1+
33. Kg2 Rxd1 34. Qxd1 Kf8 35. Qf3 Qe7 36. Rb6 Qe4 37. Rxb5 Qxf3+ 38. Kxf3 Rd8
39. Bc4 Rd7 40. a4 Ke7 41. b3 Bc3 42. Rf5 f6 43. a5 Kf8 44. a6 Rd2 45. Ke3 Rd1
46. Rh5 Bd4+ 47. Kf3 Rd2 48. Be2 Rb2 49. Rb5 Ke7 50. Ke4 Bxf2 51. Bc4 Ra2 52.
Kd5 Rd2+ 53. Ke4 Ra2 54. Kf3 Bd4 55. Rd5 Bb6 56. Rd1 f5 57. Rf1 Kf6 58. g4
fxg4+ 59. Kxg4+ Ke5 60. Kf3 Kd4 61. Rd1+ Kc3 62. Ke4 Kb4 63. Kd5 Rh2 64. Kc6
Bc5 65. Re1 Rh8 66. Re6 Rb8 67. Kc7 Ra8 68. Rc6 Bd4 69. Kb7 Ra7+ 70. Kb8 Rg7
71. Kc8 Rh7 72. Rc7 Rh5 73. Kb7 Ra5 74. Rd7 Be3 75. Rd5 Ra1 76. Rb5+ Kc3 77.
Re5 Bd4 78. Rd5 Bf2 79. Rd7 Ra4 80. bxa4 1-0